| 000 | 00391nam a2200157Ia 4500 | ||
|---|---|---|---|
| 005 | 20240712011029.0 | ||
| 008 | 240331s9999 xx 000 0 und d | ||
| 020 | _a041510956 | ||
| 082 |
_a193 _bWEI |
||
| 100 | _aWeigel, S | ||
| 245 | 0 |
_aBody and image space : _bRe reading Walter Benjamin |
|
| 260 |
_aLondon _bRoutledge _c1996 |
||
| 300 | _axvii, 204 p ., | ||
| 650 | _aPolitics | ||
| 942 | _cL | ||
| 999 |
_c762 _d762 |
||